<?xml version="1.0" encoding="UTF-8"?>
<collection xmlns:xsi="http://www.w3.org/2001/XMLSchema-instance" xsi:schemaLocation="http://www.loc.gov/MARC21/slim http://www.loc.gov/standards/marcxml/schema/MARC21slim.xsd" xmlns="http://www.loc.gov/MARC21/slim">
 <record>
  <leader>00000cam a22000004a 4500</leader>
  <controlfield tag="001">UP-1685675941123850107</controlfield>
  <controlfield tag="003">Buklod</controlfield>
  <controlfield tag="005">20100810151345.0</controlfield>
  <controlfield tag="006">aa    rb   |||1 u|</controlfield>
  <controlfield tag="007">ta</controlfield>
  <controlfield tag="008">810101s1981    paua    r    |||| u|eng d</controlfield>
  <datafield tag="035" ind1=" " ind2=" ">
   <subfield code="a">(iLib)UPTAC-00006248663</subfield>
  </datafield>
  <datafield tag="040" ind1=" " ind2=" ">
   <subfield code="a">DSURP</subfield>
   <subfield code="d">UPVTC</subfield>
  </datafield>
  <datafield tag="041" ind1=" " ind2=" ">
   <subfield code="a">eng</subfield>
  </datafield>
  <datafield tag="090" ind1=" " ind2="0">
   <subfield code="a">QH 545 W3</subfield>
   <subfield code="b">A68 1981</subfield>
  </datafield>
  <datafield tag="111" ind1="2" ind2=" ">
   <subfield code="a">Symposium on Aquatic Toxicology (4th : 1979 : Chicago, Ill.)</subfield>
  </datafield>
  <datafield tag="245" ind1="1" ind2="0">
   <subfield code="a">Aquatic toxicology and hazard assessment</subfield>
   <subfield code="b">proceedings of the fourth Annual Symposium on Aquatic Toxicology held 16-17 Oct. 1979 in Chicago, Ill.</subfield>
  </datafield>
  <datafield tag="264" ind1=" " ind2="1">
   <subfield code="a">Philadelphia, Pa.</subfield>
   <subfield code="b">American Society for Testing and Materials</subfield>
   <subfield code="c">c1981.</subfield>
  </datafield>
  <datafield tag="300" ind1=" " ind2=" ">
   <subfield code="a">471 p.</subfield>
   <subfield code="b">ill.</subfield>
  </datafield>
  <datafield tag="490" ind1="0" ind2=" ">
   <subfield code="a">ASTM special technical publication</subfield>
   <subfield code="v">737</subfield>
  </datafield>
  <datafield tag="500" ind1=" " ind2=" ">
   <subfield code="a">Annual.</subfield>
  </datafield>
  <datafield tag="500" ind1=" " ind2=" ">
   <subfield code="a">&quot;Sponsored by ASTM Committee E-35 on Pesticides&quot;</subfield>
  </datafield>
  <datafield tag="500" ind1=" " ind2=" ">
   <subfield code="a">Running title : Aquatic toxicology &lt;5th&gt;-</subfield>
  </datafield>
  <datafield tag="500" ind1=" " ind2=" ">
   <subfield code="a">Continues : Symposium on Aquatic Toxicology. Aquatic toxicology continued by Aquatic toxicology and environmental fate.</subfield>
  </datafield>
  <datafield tag="505" ind1="0" ind2=" ">
   <subfield code="a">Table of contents: Introduction. -- Safety Margins: Margins of Safety for Aquatic Communities / D. I. Mount -- Safety Margins: Classical Mammalian Approaches and Practical Aspects of Their Present Use in Aquatic Toxicology / J. R. Gibson -- Margins of Safety in the Assessment of Aquatic Hazards of Chemicals - Some Regulatory Viewpoints / J. J. Reisa -- Hazard Assessment: Multimedia Modeling of the Fate of Environmental Chemicals / A. Eschenroeder -- Estimation of Soil Sorption Constants of Organic Chemicals by High-Performance Liquid Chromatography / R. L. Swann, P. J. McCall, D. A. Laskowski, and H. J. Dishburger -- Prediction of Chemical Mobility in Soil from Sorption Coefficients / P. J. McCall, R. L. Swann, D. A. Laskowski, S. A. Vrona, S. M. Unger, and H. J. Dishburger -- A Risk Assessment of Toxicants to Aquatic Life Using Environmental Exposure Estimates and Laboratory Toxicity Data / M. A. Parkhurst, Y. Onishi, and A. R. Olsen -- Modeling the Fate and Transport of Chemicals in Estuaries: Current Approaches and Future Needs / C. R. Bostater, Jr., R. B. Ambrose, Jr., and B. Bell -- Role of Environmental Chemistry-Fate Modeling in Environmental Hazard Assessment: An Overview / G. F. Lee and R. A. Jones -- Phosphate Ester Hydraulic Fluids: An Aquatic Environmental Assessment of Pydrauls 50E and 115E / F. L. Mayer, W. J. Adams, M. T. Finley, P. R. Michael, P. M. Mehrle, and V. W. Saeger -- Selenium: A Hazard Assessment and a Water Quality Criterion Calculation / W. J. Adams and H. E. Johnson -- Principles of Aquatic Hazard Evaluation as Applied to Ocean Disposed Wastes / C. D. Rose and T. J. Ward -- Estimating the Environmental Concentrations of Consumer Product Components / W. F. Holman -- Bioaccumulation and Chronic Toxicity of Bis(tributyltin) Oxide (TBTO): Tests with a Saltwater Fish / G. S. Ward, G. C. Cramm, P. R. Parrish, H. Trachman, and A. Slesinger -- Carcinogenesis in Aquatic Organisms: Enhancement of Aflatoxin B1 Hepatocarcinogenesis in Rainbow Trout (Salmo gairdneri) Embryos by Prior Exposure of Gravid Females to Dietary Arocolor 1254 / J. D. Hendricks, W. I. Stott, T. P. Putnam, and R. O. Sinnhuber -- Environmental Carcinogenesis Studies in the Western New York Great Lakes Aquatic Environment / J. J. Black, P. P. Dymerski, and W. F. Zapisek -- In Vitro Evaluation of the Channel Catfish Ictalurus punctatus (Rafinesque) as a Test Species in Chemical Carcinogenesis Studies / D. E. Hinton, J. E. Klaunig, R. M. Jack, M. M. Lipsky, and B. F. Trump -- Metabolites of Benzo[a]pyrene in Aroclor 124-Treated Mullet / B. Tan, M. V. Kilgore, D. L. Elam, Jr., P. Melius, and W. P. Schoor -- Monitoring: Applications and Results of Analytical Methods Used in Monitoring Environmental Contaminants / M. A. Ribick, L. M. Smith, G. R. Dubay, and D. L. Stalling -- Analysis of Variance as a Method for Examining Contaminant Residues in Fish: National Pesticide Monitoring Program / C. J. Schmitt -- Great Lakes Monitoring Activities / E. . Tebo and R. J. Bowden -- On-Site Critical Life-Stage Bioassay with the Fathead Minnow, Pimephales promelas, on Effluent from the Wastewater Treatment Facilities of Austin, Minn. / G. R. Iwan and G. E. Cella -- Use of Bluegill Toxicity Indexes in Illinois / K. S. Lubinski and R. E. Sparks -- Reliability of the Bacterial Luminescence Assay for Determination of the Toxicity of Pure Compounds and Complex Effluents / A. A. Bulich, M. W. Greene, and D. L. Isenberg -- Comparison of Bacterial Luminescence and Fish Bioassay Results for Fossil-Fuel Process Waters and Phenolic Constituents / M. E. Lebsack, A. D. Anderson, G. M. Degraeve, and H. L. Bergman -- Statistical Analysis of Toxicity Data: Statistical Analysis of Fish Chronic Toxicity Test Data / J. T. McClave, J. H. Sullivan, and J. G. Pearson -- Statistical Inconsistencies in the Use of No-Observed-Effect Levels in Toxicity Testing / I. R. Skalski -- Approach to the Analysis of Toxicant Interactions in the Aquatic Environment / P. R. Durkin -- Acute Toxicities of Equimolar and Equitoxic Surfactant Mixtures to Daphnia magna and Lepomis macrochirus / M. A. Lewis and R. L. Perry -- New Concepts: Development and Evaluation of a Flow-Through Growth Inhibition Test with Duckweed (Lemna minor) / W. E. Bishop and R. L. Perry -- New Design and Use of a Fish Metabolism Chamber / E. J. Schmidt and R. A. Kimerle -- A Radiorespirometric Study of the Effects of a Chemical Substance on Carbohydrate Metabolism in the Intact Fish / D. H. W. Liu. -- Summary. Index.</subfield>
  </datafield>
  <datafield tag="650" ind1=" " ind2="0">
   <subfield code="a">Water</subfield>
   <subfield code="x">Pollution</subfield>
   <subfield code="x">Environmental aspects</subfield>
   <subfield code="v">Congresses.</subfield>
  </datafield>
  <datafield tag="650" ind1=" " ind2="0">
   <subfield code="a">Water</subfield>
   <subfield code="x">Pollution</subfield>
   <subfield code="x">Toxicology</subfield>
   <subfield code="v">Congresses.</subfield>
  </datafield>
  <datafield tag="650" ind1=" " ind2="0">
   <subfield code="a">Water quality bioassay</subfield>
   <subfield code="v">Congresses.</subfield>
  </datafield>
  <datafield tag="650" ind1=" " ind2="0">
   <subfield code="a">Environmental impact analysis</subfield>
   <subfield code="v">Congresses.</subfield>
  </datafield>
  <datafield tag="650" ind1=" " ind2="0">
   <subfield code="a">Aquatic animals</subfield>
   <subfield code="x">Effect of water pollution on</subfield>
   <subfield code="v">Congresses.</subfield>
  </datafield>
  <datafield tag="650" ind1=" " ind2="0">
   <subfield code="a">Aquatic plants</subfield>
   <subfield code="x">Effect of water pollution on</subfield>
   <subfield code="v">Congresses.</subfield>
  </datafield>
  <datafield tag="856" ind1="4" ind2="1">
   <subfield code="3">Table of contents only</subfield>
   <subfield code="u">https://drive.google.com/file/d/1NbEIpZ8cWDGtCm1OoyhDLJdNUJ1tRYBc/view?usp=sharing</subfield>
  </datafield>
  <datafield tag="905" ind1=" " ind2=" ">
   <subfield code="a">FO</subfield>
  </datafield>
  <datafield tag="852" ind1="0" ind2=" ">
   <subfield code="a">UPTAC</subfield>
   <subfield code="b">UPTAC</subfield>
   <subfield code="h">QH 545 W3</subfield>
   <subfield code="i">A68 1981</subfield>
  </datafield>
  <datafield tag="942" ind1=" " ind2=" ">
   <subfield code="a">Book</subfield>
  </datafield>
 </record>
</collection>
